000 00388nam a2200157 4500
005 20260116110110.0
020 _a9789360744854
082 _a006.7
_bXAY.W
084 _2Colon Classification
100 _aXavier,C
_98058
245 _aWeb technology and design
250 _a3rd ed.
260 _a NewDelhi:
_bNew Age International,
_c2025.
300 _a394p.
942 _2ddc
_c GIF
999 _c755131
_d755131